000 01274cad a22002055a 4500
001 L155114
008 120302e2012 xxk 000 0 eng d
035 _a(Sirsi) u155114
041 0 _aeng
110 2 _aLondon Assembly
_bPlanning and Housing Committee
_95959
245 0 0 _aHighly charged
_bResidential leasehold service charges in London
_h[electronic resource]
260 _aLondon
_bGreater London Authority
_c2012
520 _aHighlights a range of service charge issues faced by residential leaseholders in London including dispute resolution processes, transparency and level of consultation about how works are procured and charged for. Sets out a series of recommendations including better transparency and a call for Leasehold Valuation Tribunal (LVT) in conjunction with Leasehold Advisory Service (LEASE) to provide an expanded service offering mediation, pre-application advice and assistance as a cost effect method of improving the dispute resolution process.
590 _aKA NTK
651 4 _aLONDON
690 _aLandlord and tenant
_96252
690 _aResidential property
_96266
856 4 0 _uhttps://www.london.gov.uk/sites/default/files/Highly%20charged%20report%20March%202012.pdf
_zView the item free of charge at www.london.gov.uk
942 _n0
999 _c83814
_d83814